| 000 | 00485nam a22001931 4500 | ||
|---|---|---|---|
| 001 | sa 68019756 | ||
| 003 | DLC | ||
| 005 | 20260227112719.0 | ||
| 008 | 851008s1968 ii 00000 eng | ||
| 010 | _asa 68019756 | ||
| 020 | _c5.00 | ||
| 050 | 0 |
_aAC8 _b.C4813 |
|
| 082 | 0 | _a915.4/14/03 | |
| 100 | 1 | 0 | _aChatterji, Sudhamoy. |
| 245 | 1 | 0 | _aStray musings. |
| 250 | _a[1st. ed.] | ||
| 260 | 0 |
_aCalcutta, _b[distributed by Firma K.L. Mukhopadhyay] _c1968. |
|
| 300 |
_a101 p. _c19 cm. |
||
| 999 |
_c89051 _d89051 |
||